00313 a2200109 4500082001000000100003200010245005700042260003800099300002500137500001900162650002200181 a297.5 aNadwi, Syed Abul Hasan Ali. aThe Four Pillars of IslamcSyed Abul Hasan Ali Nadwi aIslamabad:bDawah Academy,c1998. avi, 318 p. ;c24 cm. aIncludes Index aPillars of Islam.